| 000 | 00592nam a22002417a 4500 | ||
|---|---|---|---|
| 003 | UA-OsUOA | ||
| 001 | 74904 | ||
| 007 | ta | ||
| 008 | 20110421b un ||||| |||| 00| 0 ukr d | ||
| 100 | _aБорисполець В. | ||
| 090 |
_a821.161.2-1 _bБ82 |
||
| 942 | _cBK | ||
| 040 |
_aUA-OsUOA _bukr _cUA-OsUOA _dUA-OsUOA |
||
| 245 |
_aТлумачення тиші _bверлібри |
||
| 300 | _a390 с. | ||
| 955 | _a3 | ||
| 041 | _aukr | ||
| 080 | _a821.161.2-1 | ||
| 020 | _a978-966-580-287-7 | ||
| 260 |
_aК. _bВЦ "Академія" _c2009 |
||
| 650 | 7 | _2UDC | |
| 999 |
_c361199 _d361199 |
||